00783cam a22002051 4500001001300000003000400013005001700017008004100034010001700075035002000092040002100112050001700133245013400150260009500284300002900379500007400408600004600482700002700528752002200555he 66000247 DLC20260227111435.0850131s1965 is 000 0 heb  ahe 66000247  a(OCoLC)19193748 aDLCcMHdFUdDLC00aZ8813.4b.L300aKitve Mosheh Sharet :bbibliyografyah 680-725, 1920-1965... /cʻarukhah bi-yede Shemuʼel Laḥover ; haḳdamah me-et Aba Even. a[Jerusalem] :bha-Histadrut ha-Tsiyonit ha-ʻolamit, Maḥleḳet ha-hasbarah,c725, 1965. a59 p. :bport. ;c25 cm. aAdded t.p.: The writings of Moshe Sharett; a bibliography, 1920-1965.10aSharett, Moshe,d1894-1965vBibliography.1 aLachower, Shmuel,eed. aIsraeldJerusalem